000 00864nam a22002297a 4500
005 20120507120353.0
008 120507t xxu||||| |||| 00| 0 eng d
010 _aENG-105215
020 _a9788184001884
_c499.00
035 _aEN-88748
037 _bDBAD/PUB
040 _aDPL
_bEng
082 _a338.9
100 _946516
_aSpence, Michael
245 _aThe next convergence :
_cby Michael Spence
_bthe future of economic growth in a multispeed world /
260 _aNoida
_bRandom House Publishers
_c2011
270 _aWindsor IT Park, 7th Floor, Tower-B, A-1, Sector-125
_bNoida
_e201301
300 _axiv,296p.
_c23cm(pbk)
500 _aIncludes index
942 _2ddc
_cEN
_h338.9
_mSPE
999 _c66272
_d66272